Statistics for Dance Academy Season #1

Click here to take the quiz!

General Stats

  • This quiz has been taken 378 times
  • The average score is 9 of 12

Answer Stats

HintAnswer% Correct
Tara's girl best friendKat
97%
Tara's boy best friendSammy
96%
Tara's roommateAbigail
94%
Dance Academy's "bad boy"Christian
93%
Person who Tara makes "the list" aboutEthan
91%
Abigail's least favorite classHip-Hop
87%
Color of leotard and skirt in the ballet classPurple
85%
Where is the academy located?Australia
64%
Sammy's religionJewish
58%
Tara's first petKangaroo
56%
What was Abigail and Sammy's trust exercise?Tied together
31%
What was Tara and Christian's trust exercise?20 questions over 24 hours
6%

Score Distribution

Percentile by Number Answered

Percent of People with Each Score

Your Score History

You have not taken this quiz